|
|
|
|
| LEADER |
00000cam a2200000 7i4500 |
| 001 |
0000001170 |
| 005 |
20151222.0 |
| 008 |
070704 |
| 020 |
|
|
|a 983267378X
|
| 020 |
|
|
|a 9833266088(set)
|
| 090 |
0 |
0 |
|a JF
|b SC MAL (1238)
|
| 100 |
0 |
|
|a Syahrina Arisya
|
| 245 |
1 |
0 |
|a Misteri fobia Internet
|c Syahrina Arisya
|
| 260 |
|
|
|a Selangor :
|b Pintar Firus ,
|c 2005
|
| 440 |
|
0 |
|a Novel alam siber
|
| 500 |
|
|
|a Children ages 7-9 years old (orange)
|
| 650 |
|
0 |
|a Junior fiction
|x Malay
|x Languages
|
| 650 |
|
0 |
|a Science
|
| 710 |
0 |
|
|a Title
|
| 999 |
|
|
|a 0000956330
|b Book
|c Children Collection
|e Perbadanan Perpustakaan Awam Johor
|
| 999 |
|
|
|a 0000956331
|b Book
|c Children Collection
|e Perbadanan Perpustakaan Awam Johor
|
| 999 |
|
|
|a 0000956332
|b Book
|c Children Collection
|e Perbadanan Perpustakaan Awam Johor
|
| 999 |
|
|
|a 0000956333
|b Book
|c Children Collection
|e Perbadanan Perpustakaan Awam Johor
|
| 999 |
|
|
|a 0000956334
|b Book
|c Children Collection
|e Perbadanan Perpustakaan Awam Johor
|
| 999 |
|
|
|a 0000971637
|b Book
|c Children Collection
|e Cawangan Taman Universiti
|